000 00651cam a22002173a 4500
001 31793
003 PGUSA
005 20140828083704.0
008 100327s2010||||xxu|||||s|||||000 | eng d
040 _aPGUSA
_beng
042 _adc
050 4 _aAE
245 1 0 _aEncyclopaedia Britannica, 11th Edition, Volume 6, Slice 5 :
_b"Clervaux" to "Cockade"
_h[electronic resource] /
_cVarious
260 _bProject Gutenberg,
_c2010
506 _aPublic domain in the USA.
516 _aElectronic text
653 _aEncyclopedias and dictionaries
830 0 _aProject Gutenberg
_v31793
856 4 0 _uhttp://www.gutenberg.org/ebooks/31793
942 _cEB
999 _c261048
_d261048